000
00337nam a2200157Ia 4500
100
_a
Rieger /H
650
_a
Electrical Engineering
490
_v
29
942
_c
RB
654
_a
Induction
245
_a
Induction & Self Induction
260
_b
Wiley Eastern.
_a
NEW DELHI
_c
1991
300
_a
85
546
_a
ENGLISH
999
_c
22968
_d
22968